| 000 | 00610nam a22002051a 4500 | ||
|---|---|---|---|
| 003 | NEGST | ||
| 005 | 20110718132542.0 | ||
| 008 | 030712s1993 001 0 eng d | ||
| 100 | 1 | _aWisemann, Ursula. | |
| 245 | 1 | 0 |
_aManuel d'analyse du discours / _cby Ursula Wiesemann. _h[Text] |
| 260 |
_aYaunde _bTous Droits Reserves _c1993 |
||
| 300 | _av, 271p. | ||
| 490 | 0 | _aCollection Propelca No.26 | |
| 500 | _aIncludes bibliographical references and index. | ||
| 590 | _aAccession number: 24181 | ||
| 650 | 0 | _aAfrican languages. | |
| 650 | 0 |
_aLiterary _xAfrican. |
|
| 700 | 1 | _aNseme, Cledor. | |
| 999 |
_c37731 _d37731 |
||